| 000 | 01079nam a22002537a 4500 | ||
|---|---|---|---|
| 005 | 20170811160422.0 | ||
| 010 | _a1516ENO7 ENG-116416 | ||
| 020 |
_a9789351760146 _c395.00 |
||
| 035 | _aB-609071-099 | ||
| 035 | _aB_664797 | ||
| 035 | _aEN-99948 | ||
| 037 | _bStar/Ven. | ||
| 082 | _a513 | ||
| 100 | _aVerma, Rajesh | ||
| 245 |
_aFast track objective arithmetic / _cby Rajesh Verma |
||
| 260 |
_aNew Delhi _bArihant Publications _c2015 |
||
| 270 |
_a4577/15, Agarwal Road, Daryaganj , _bNew Delhi _e110002 |
||
| 300 |
_a816p.: _c24cm(pbk) _bill. |
||
| 700 | _aThakore, Dhirajlal Keshavlal | ||
| 700 | _aVahini, Versha | ||
| 942 |
_2ddc _cEN _h513 _mVER |
||
| 999 |
_c95981 _d95981 |
||